Statistiques concernant Animal en trois lettres

Cliquez ici pour prendre le quiz!

Statistiques générales

  • Ce quiz a été pris 283 fois
  • Le résultat moyen est 5 sur 14

Statistiques - réponses

Animal% Correct
rat
66%
coq
58%
pie
56%
âne
54%
oie
54%
yak
49%
boa
45%
ver
43%
pou
42%
ara
30%
bar
29%
sar
9%
saï
8%
ure
7%

Distribution des résultats

Percentile par nombre de réponses

% des personnes avec chaque résultat

Votre développement - résultats

Vous n’avez pas pris ce quiz